004070000a2200133000450024500780000065000240007865000170010265000100011965000180012965300420014704100130018910000180020277300530022010aBats and pollen: physiological aspects of the syndrome of chiropterophlly14aFisiología animal14aBioquímica14aPolen14aMurciélagos gLeptonycteriseLeptonycteris sanborni0 aInglés1 aHowell, D. J.1 tComp. Biochem. Physiol.3428h48Aq263-276d1974